[Event "DEM U16 2022"]
[Site "Willingen GER"]
[Date "2022.06.05"]
[Round "1"]
[White "Weidenhöfer, Max"]
[Black "Ohler, Julius"]
[Result "0-1"]
[Termination "normal"]
[Board "13"]
[WhiteElo "1945"]
[BlackElo "2011"]
[WhiteClock "00:04:19"]
[BlackClock "00:08:19"]
[PlyCount "152"]
[WhiteFideId "16230566"]
[BlackFideId "16238982"]
[EventCountry "GER"]
[EventRounds "9"]
[EventType "swiss"]
[EventDate "2022.06.04"]

1. e4 {[%clk 1:30:58]} c6 {[%clk 1:30:53]} 2. d4 {[%clk 1:31:25]} d5 {[%clk
1:31:19]} 3. e5 {[%clk 1:31:51]} Qb6 {[%clk 1:31:46]} 4. c4 {[%clk 1:14:36]}
Bf5 {[%clk 1:32:11]} 5. Nc3 {[%clk 1:14:48]} dxc4 {[%clk 1:32:32]} 6. Bxc4
{[%clk 1:14:10]} e6 {[%clk 1:32:59]} 7. h3 {[%clk 1:11:52]} h6 {[%clk 1:32:56]}
8. Nf3 {[%clk 1:10:48]} Ne7 {[%clk 1:33:16]} 9. O-O {[%clk 1:08:33]} Nd7 {[%clk
1:31:55]} 10. Qe2 {[%clk 1:06:57]} Nd5 {[%clk 1:25:45]} 11. Ne4 {[%clk
0:57:26]} Bxe4 {[%clk 1:25:00]} 12. Qxe4 {[%clk 0:57:47]} Be7 {[%clk 1:25:02]}
13. Rd1 {[%clk 0:54:52]} Rd8 {[%clk 1:18:52]} 14. Bd3 {[%clk 0:44:48]} Nb8
{[%clk 1:14:04]} 15. Bd2 {[%clk 0:35:35]} Na6 {[%clk 1:05:17]} 16. a3 {[%clk
0:23:18]} Nac7 {[%clk 1:00:58]} 17. b4 {[%clk 0:19:24]} a6 {[%clk 0:49:59]} 18.
h4 {[%clk 0:19:02]} g6 {[%clk 0:44:25]} 19. h5 {[%clk 0:13:28]} g5 {[%clk
0:44:42]} 20. Rdc1 {[%clk 0:13:49]} Kd7 {[%clk 0:35:41]} 21. Rc4 {[%clk
0:09:48]} Ke8 {[%clk 0:34:30]} 22. Qe1 {[%clk 0:07:32]} Qa7 {[%clk 0:32:44]}
23. g4 {[%clk 0:03:24]} Nb6 {[%clk 0:29:09]} 24. Rc2 {[%clk 0:03:52]} Nb5
{[%clk 0:28:58]} 25. Qe4 {[%clk 0:02:04]} Na4 {[%clk 0:28:09]} 26. Be3 {[%clk
0:02:18]} Nac3 {[%clk 0:28:00]} 27. d5 {[%clk 0:01:47]} Qb8 {[%clk 0:16:26]}
28. Qc4 {[%clk 0:02:06]} Nxd5 {[%clk 0:13:59]} 29. Bd2 {[%clk 0:02:29]} Nb6
{[%clk 0:12:13]} 30. Qb3 {[%clk 0:02:50]} Nd4 {[%clk 0:12:04]} 31. Nxd4 {[%clk
0:03:14]} Rxd4 {[%clk 0:12:30]} 32. Be2 {[%clk 0:02:24]} Nd5 {[%clk 0:10:46]}
33. Be3 {[%clk 0:02:28]} Nxe3 {[%clk 0:10:23]} 34. Qxe3 {[%clk 0:02:56]} Rd5
{[%clk 0:10:13]} 35. Bf3 {[%clk 0:01:35]} Rxe5 {[%clk 0:07:29]} 36. Qb6 {[%clk
0:01:38]} Rb5 {[%clk 0:05:29]} 37. Qd4 {[%clk 0:01:26]} f6 {[%clk 0:04:42]} 38.
Re1 {[%clk 0:01:11]} Kf7 {[%clk 0:03:21]} 39. Qe4 {[%clk 0:01:21]} Re5 {[%clk
0:03:42]} 40. Qg6+ {[%clk 0:01:37]} Kf8 {[%clk 0:04:08]} 41. Rd1 {[%clk
0:26:16]} Qe8 {[%clk 0:21:12]} 42. Qd3 {[%clk 0:21:13]} Kf7 {[%clk 0:11:28]}
43. Rcd2 {[%clk 0:20:23]} a5 {[%clk 0:08:45]} 44. Qg6+ {[%clk 0:15:01]} Kf8
{[%clk 0:09:10]} 45. Qxe8+ {[%clk 0:15:12]} Kxe8 {[%clk 0:09:33]} 46. Kg2
{[%clk 0:12:07]} axb4 {[%clk 0:08:24]} 47. axb4 {[%clk 0:11:12]} Rb5 {[%clk
0:08:01]} 48. Rd7 {[%clk 0:08:06]} Rxb4 {[%clk 0:05:40]} 49. Rc7 {[%clk
0:07:51]} Kf7 {[%clk 0:05:11]} 50. Rdd7 {[%clk 0:07:47]} Re8 {[%clk 0:05:37]}
51. Be2 {[%clk 0:05:44]} f5 {[%clk 0:03:54]} 52. gxf5 {[%clk 0:04:04]} exf5
{[%clk 0:04:19]} 53. Bd3 {[%clk 0:04:17]} Kf6 {[%clk 0:03:46]} 54. Rxb7 {[%clk
0:04:04]} Rxb7 {[%clk 0:04:11]} 55. Rxb7 {[%clk 0:04:32]} Rd8 {[%clk 0:03:02]}
56. Bxf5 {[%clk 0:02:26]} Kxf5 {[%clk 0:03:28]} 57. Rxe7 {[%clk 0:02:54]} Rd6
{[%clk 0:03:47]} 58. f3 {[%clk 0:02:26]} Re6 {[%clk 0:04:03]} 59. Rf7+ {[%clk
0:02:36]} Ke5 {[%clk 0:04:25]} 60. Rg7 {[%clk 0:02:22]} c5 {[%clk 0:04:39]} 61.
Rc7 {[%clk 0:02:32]} Kd4 {[%clk 0:04:49]} 62. Rd7+ {[%clk 0:02:52]} Kc3 {[%clk
0:05:00]} 63. Rg7 {[%clk 0:02:36]} Kd4 {[%clk 0:04:51]} 64. Rg6 {[%clk
0:02:50]} Kd5 {[%clk 0:05:15]} 65. Rg8 {[%clk 0:03:06]} c4 {[%clk 0:05:38]} 66.
Kf2 {[%clk 0:01:56]} c3 {[%clk 0:05:39]} 67. Rd8+ {[%clk 0:01:45]} Kc4 {[%clk
0:05:07]} 68. Rc8+ {[%clk 0:01:54]} Kd3 {[%clk 0:05:31]} 69. Rd8+ {[%clk
0:02:03]} Kc2 {[%clk 0:05:56]} 70. Rb8 {[%clk 0:02:23]} Kd2 {[%clk 0:06:15]}
71. Rd8+ {[%clk 0:02:50]} Kc1 {[%clk 0:06:41]} 72. Rb8 {[%clk 0:03:06]} c2
{[%clk 0:07:08]} 73. Rb7 {[%clk 0:03:23]} Re5 {[%clk 0:07:07]} 74. Rb8 {[%clk
0:03:36]} Kd2 {[%clk 0:07:30]} 75. Rd8+ {[%clk 0:03:59]} Kc3 {[%clk 0:07:56]}
76. Rc8+ {[%clk 0:04:19]} Kd3 {[%clk 0:08:19]} 0-1

[Event "DEM U16 2022"]
[Site "Willingen GER"]
[Date "2022.06.05"]
[Round "1"]
[White "Metzdorf, Matteo"]
[Black "Mimkes, Antal"]
[Result "0-1"]
[Termination "normal"]
[Board "14"]
[WhiteElo "2009"]
[BlackElo "1696"]
[WhiteClock "00:05:17"]
[BlackClock "01:02:42"]
[PlyCount "136"]
[WhiteFideId "16209869"]
[BlackFideId "16265963"]
[EventCountry "GER"]
[EventRounds "9"]
[EventType "swiss"]
[EventDate "2022.06.04"]

1. e4 {[%clk 1:30:57]} d5 {[%clk 1:30:27]} 2. exd5 {[%clk 1:30:51]} Nf6 {[%clk
1:30:32]} 3. Nf3 {[%clk 1:28:57]} Bg4 {[%clk 1:29:42]} 4. Bb5+ {[%clk 1:24:10]}
Nbd7 {[%clk 1:29:58]} 5. Nc3 {[%clk 1:24:18]} a6 {[%clk 1:30:00]} 6. Be2 {[%clk
1:23:59]} Nb6 {[%clk 1:30:13]} 7. O-O {[%clk 1:14:49]} Nbxd5 {[%clk 1:28:53]}
8. Nxd5 {[%clk 1:14:49]} Qxd5 {[%clk 1:28:40]} 9. d4 {[%clk 1:12:43]} O-O-O
{[%clk 1:27:35]} 10. Ne5 {[%clk 0:59:54]} Bxe2 {[%clk 1:22:24]} 11. Qxe2 {[%clk
0:58:44]} Nd7 {[%clk 1:21:03]} 12. c4 {[%clk 0:40:53]} Qe6 {[%clk 1:20:41]} 13.
Re1 {[%clk 0:31:28]} Nxe5 {[%clk 1:18:07]} 14. dxe5 {[%clk 0:31:16]} Qf5 {[%clk
1:15:26]} 15. c5 {[%clk 0:20:51]} Qd3 {[%clk 1:09:06]} 16. Be3 {[%clk 0:17:25]}
Qxe2 {[%clk 1:08:38]} 17. Rxe2 {[%clk 0:17:54]} e6 {[%clk 1:07:46]} 18. f4
{[%clk 0:11:24]} Rd3 {[%clk 1:05:19]} 19. Rc1 {[%clk 0:09:26]} c6 {[%clk
1:03:26]} 20. Kf2 {[%clk 0:08:33]} Be7 {[%clk 1:02:59]} 21. Rd2 {[%clk
0:06:47]} Rhd8 {[%clk 1:02:14]} 22. Rxd3 {[%clk 0:06:04]} Rxd3 {[%clk 1:02:43]}
23. Ke2 {[%clk 0:06:09]} Rd5 {[%clk 1:02:53]} 24. b4 {[%clk 0:05:47]} Kc7
{[%clk 0:59:17]} 25. Rd1 {[%clk 0:04:54]} Bf8 {[%clk 0:56:33]} 26. a4 {[%clk
0:03:25]} Be7 {[%clk 0:56:12]} 27. Rd4 {[%clk 0:02:57]} Bf8 {[%clk 0:53:09]}
28. Kd3 {[%clk 0:03:10]} Be7 {[%clk 0:52:09]} 29. Ke4 {[%clk 0:01:59]} Kd7
{[%clk 0:50:54]} 30. Kf3 {[%clk 0:01:29]} Kc7 {[%clk 0:50:05]} 31. g3 {[%clk
0:01:48]} Kd7 {[%clk 0:49:32]} 32. Ke2 {[%clk 0:01:44]} Kc7 {[%clk 0:49:46]}
33. Kd3 {[%clk 0:01:46]} Bf8 {[%clk 0:49:00]} 34. Kc4 {[%clk 0:01:40]} a5
{[%clk 0:45:15]} 35. Rxd5 {[%clk 0:00:42]} cxd5+ {[%clk 0:45:27]} 36. Kb5
{[%clk 0:00:41]} axb4 {[%clk 0:45:51]} 37. Bd4 {[%clk 0:00:38]} b3 {[%clk
0:45:12]} 38. a5 {[%clk 0:00:46]} Be7 {[%clk 0:44:28]} 39. h3 {[%clk 0:00:38]}
g5 {[%clk 0:42:13]} 40. Bc3 {[%clk 0:00:33]} gxf4 {[%clk 0:41:36]} 41. gxf4
{[%clk 0:00:57]} Bh4 {[%clk 0:41:16]} 42. Kb4 {[%clk 0:26:43]} Be1 {[%clk
1:08:16]} 43. Kxb3 {[%clk 0:23:54]} Bxc3 {[%clk 1:08:22]} 44. Kxc3 {[%clk
0:24:23]} Kc6 {[%clk 1:08:39]} 45. Kb4 {[%clk 0:20:48]} d4 {[%clk 1:08:42]} 46.
Kc4 {[%clk 0:20:32]} d3 {[%clk 1:09:06]} 47. Kxd3 {[%clk 0:20:58]} Kxc5 {[%clk
1:09:31]} 48. f5 {[%clk 0:20:48]} Kb5 {[%clk 1:02:51]} 49. Ke4 {[%clk 0:14:21]}
Kxa5 {[%clk 1:02:39]} 50. f6 {[%clk 0:13:12]} b5 {[%clk 1:02:42]} 51. Kf4
{[%clk 0:13:33]} b4 {[%clk 1:02:04]} 52. Kg5 {[%clk 0:13:42]} b3 {[%clk
1:02:28]} 53. Kh6 {[%clk 0:14:05]} b2 {[%clk 1:02:52]} 54. Kg7 {[%clk 0:14:16]}
b1=Q {[%clk 1:03:16]} 55. Kxf7 {[%clk 0:14:39]} Qf5 {[%clk 1:00:00]} 56. Ke8
{[%clk 0:03:04]} Qxe5 {[%clk 0:59:54]} 57. f7 {[%clk 0:03:29]} Qb8+ {[%clk
0:59:50]} 58. Ke7 {[%clk 0:03:52]} Qc7+ {[%clk 1:00:10]} 59. Ke8 {[%clk
0:04:04]} e5 {[%clk 0:59:30]} 60. f8=Q {[%clk 0:04:08]} Qc8+ {[%clk 0:59:55]}
61. Kf7 {[%clk 0:04:11]} Qxf8+ {[%clk 1:00:20]} 62. Kxf8 {[%clk 0:04:31]} e4
{[%clk 1:00:45]} 63. h4 {[%clk 0:03:55]} h5 {[%clk 1:00:29]} 64. Kg7 {[%clk
0:04:20]} e3 {[%clk 1:00:57]} 65. Kg6 {[%clk 0:04:42]} e2 {[%clk 1:01:23]} 66.
Kxh5 {[%clk 0:05:08]} e1=Q {[%clk 1:01:50]} 67. Kg5 {[%clk 0:04:53]} Qe8 {[%clk
1:02:14]} 68. h5 {[%clk 0:05:17]} Qh8 {[%clk 1:02:42]} 0-1

[Event "DEM U16 2022"]
[Site "Willingen GER"]
[Date "2022.06.05"]
[Round "1"]
[White "Lerchl, Clemens"]
[Black "Albert, Markus"]
[Result "1-0"]
[Termination "normal"]
[Board "15"]
[WhiteElo "1843"]
[BlackElo "2053"]
[WhiteClock "00:28:54"]
[BlackClock "00:22:44"]
[PlyCount "173"]
[WhiteFideId "16226372"]
[BlackFideId "16292626"]
[EventCountry "GER"]
[EventRounds "9"]
[EventType "swiss"]
[EventDate "2022.06.04"]

1. e4 {[%clk 1:30:58]} d5 {[%clk 1:30:52]} 2. exd5 {[%clk 1:31:23]} Nf6 {[%clk
1:31:16]} 3. Nf3 {[%clk 1:31:46]} Nxd5 {[%clk 1:31:25]} 4. d4 {[%clk 1:32:08]}
g6 {[%clk 1:30:40]} 5. c4 {[%clk 1:30:21]} Nb6 {[%clk 1:30:38]} 6. Nc3 {[%clk
1:30:04]} Bg7 {[%clk 1:30:41]} 7. Be2 {[%clk 1:29:50]} O-O {[%clk 1:29:48]} 8.
h3 {[%clk 1:25:43]} N6d7 {[%clk 1:21:47]} 9. Bf4 {[%clk 1:20:28]} Nc6 {[%clk
0:59:32]} 10. Nb5 {[%clk 1:05:25]} e5 {[%clk 0:50:35]} 11. dxe5 {[%clk
0:58:41]} Ncxe5 {[%clk 0:38:55]} 12. Nxe5 {[%clk 0:58:14]} Nxe5 {[%clk
0:38:35]} 13. Qxd8 {[%clk 0:58:31]} Rxd8 {[%clk 0:38:59]} 14. Nxc7 {[%clk
0:57:28]} Rb8 {[%clk 0:39:22]} 15. O-O {[%clk 0:56:34]} Bf5 {[%clk 0:38:54]}
16. Nd5 {[%clk 0:52:35]} Kf8 {[%clk 0:36:57]} 17. Rad1 {[%clk 0:48:44]} Be6
{[%clk 0:32:26]} 18. b3 {[%clk 0:35:49]} Rbc8 {[%clk 0:17:42]} 19. Rfe1 {[%clk
0:29:05]} b5 {[%clk 0:11:50]} 20. Nc7 {[%clk 0:18:28]} bxc4 {[%clk 0:08:14]}
21. Nxe6+ {[%clk 0:10:49]} fxe6 {[%clk 0:08:36]} 22. Rxd8+ {[%clk 0:09:22]}
Rxd8 {[%clk 0:09:03]} 23. Bxc4 {[%clk 0:08:55]} Nxc4 {[%clk 0:08:06]} 24. bxc4
{[%clk 0:09:17]} Rd4 {[%clk 0:05:43]} 25. Be3 {[%clk 0:09:17]} Rxc4 {[%clk
0:05:59]} 26. Bxa7 {[%clk 0:09:40]} Kf7 {[%clk 0:06:17]} 27. Re2 {[%clk
0:08:02]} Bf8 {[%clk 0:05:46]} 28. Be3 {[%clk 0:07:35]} e5 {[%clk 0:03:43]} 29.
Rb2 {[%clk 0:05:52]} Ke6 {[%clk 0:03:25]} 30. Kf1 {[%clk 0:04:32]} Ba3 {[%clk
0:02:42]} 31. Rb3 {[%clk 0:02:45]} Be7 {[%clk 0:02:58]} 32. Rb6+ {[%clk
0:02:47]} Kf7 {[%clk 0:02:59]} 33. Ra6 {[%clk 0:02:56]} Rc2 {[%clk 0:00:58]}
34. a4 {[%clk 0:02:28]} Bb4 {[%clk 0:00:34]} 35. Ra7+ {[%clk 0:02:23]} Ke6
{[%clk 0:00:51]} 36. g3 {[%clk 0:01:10]} Ra2 {[%clk 0:01:07]} 37. Kg2 {[%clk
0:01:21]} e4 {[%clk 0:01:06]} 38. a5 {[%clk 0:01:18]} Rxa5 {[%clk 0:01:13]} 39.
Rxh7 {[%clk 0:01:39]} Ra2 {[%clk 0:00:58]} 40. Rg7 {[%clk 0:01:45]} Kf6 {[%clk
0:00:34]} 41. Bd4+ {[%clk 0:01:53]} Kg5 {[%clk 0:30:15]} 42. h4+ {[%clk
0:28:04]} Kf5 {[%clk 0:27:06]} 43. Rf7+ {[%clk 0:28:17]} Ke6 {[%clk 0:27:10]}
44. Rf6+ {[%clk 0:28:13]} Kd5 {[%clk 0:26:58]} 45. Be3 {[%clk 0:28:28]} Bd2
{[%clk 0:27:13]} 46. Bxd2 {[%clk 0:24:58]} Rxd2 {[%clk 0:27:21]} 47. Kf1 {[%clk
0:25:20]} e3 {[%clk 0:26:23]} 48. fxe3 {[%clk 0:23:31]} Ke4 {[%clk 0:26:46]}
49. Rxg6 {[%clk 0:23:31]} Kf3 {[%clk 0:26:47]} 50. Kg1 {[%clk 0:23:53]} Rg2+
{[%clk 0:26:46]} 51. Kh1 {[%clk 0:24:16]} Re2 {[%clk 0:26:40]} 52. h5 {[%clk
0:23:45]} Rxe3 {[%clk 0:27:00]} 53. Kh2 {[%clk 0:24:05]} Re5 {[%clk 0:27:12]}
54. g4 {[%clk 0:24:06]} Re2+ {[%clk 0:27:11]} 55. Kh3 {[%clk 0:24:30]} Kf4
{[%clk 0:26:56]} 56. Rf6+ {[%clk 0:24:32]} Kg5 {[%clk 0:27:16]} 57. Rf5+ {[%clk
0:24:55]} Kh6 {[%clk 0:27:41]} 58. Kh4 {[%clk 0:25:05]} Rh2+ {[%clk 0:28:04]}
59. Kg3 {[%clk 0:25:28]} Rc2 {[%clk 0:28:24]} 60. Re5 {[%clk 0:25:24]} Rc3+
{[%clk 0:27:06]} 61. Kf4 {[%clk 0:25:14]} Rc1 {[%clk 0:26:51]} 62. Re6+ {[%clk
0:25:36]} Kg7 {[%clk 0:27:13]} 63. Kg5 {[%clk 0:26:01]} Rc5+ {[%clk 0:27:33]}
64. Kh4 {[%clk 0:26:23]} Rc1 {[%clk 0:26:58]} 65. Ra6 {[%clk 0:26:26]} Rc4
{[%clk 0:26:19]} 66. h6+ {[%clk 0:26:25]} Kh7 {[%clk 0:26:05]} 67. Kh5 {[%clk
0:26:43]} Rc1 {[%clk 0:26:09]} 68. Ra7+ {[%clk 0:27:03]} Kh8 {[%clk 0:26:10]}
69. g5 {[%clk 0:27:20]} Rc5 {[%clk 0:25:36]} 70. Rf7 {[%clk 0:27:22]} Kg8
{[%clk 0:25:35]} 71. Rf6 {[%clk 0:27:26]} Kh7 {[%clk 0:25:52]} 72. Re6 {[%clk
0:26:18]} Rb5 {[%clk 0:25:40]} 73. Re7+ {[%clk 0:26:00]} Kh8 {[%clk 0:26:02]}
74. Kg6 {[%clk 0:26:18]} Rb6+ {[%clk 0:26:14]} 75. Kf5 {[%clk 0:26:25]} Rb5+
{[%clk 0:26:29]} 76. Kf6 {[%clk 0:26:48]} Rb6+ {[%clk 0:26:24]} 77. Re6 {[%clk
0:27:10]} Rb8 {[%clk 0:26:24]} 78. g6 {[%clk 0:27:01]} Rf8+ {[%clk 0:25:46]}
79. Kg5 {[%clk 0:27:24]} Rd8 {[%clk 0:25:55]} 80. Re5 {[%clk 0:27:35]} Ra8
{[%clk 0:26:02]} 81. Rf5 {[%clk 0:28:00]} Rb8 {[%clk 0:23:52]} 82. Rf8+ {[%clk
0:27:34]} Rxf8 {[%clk 0:24:11]} 83. g7+ {[%clk 0:28:00]} Kh7 {[%clk 0:22:35]}
84. gxf8=B {[%clk 0:28:20]} Kg8 {[%clk 0:22:43]} 85. Kg6 {[%clk 0:28:29]} Kh8
{[%clk 0:22:27]} 86. Bg7+ {[%clk 0:28:54]} Kg8 {[%clk 0:22:44]} 87. h7# 1-0

[Event "DEM U16 2022"]
[Site "Willingen GER"]
[Date "2022.06.05"]
[Round "1"]
[White "Chassard, Cedric"]
[Black "Beyer, Lorenz"]
[Result "1-0"]
[Termination "normal"]
[Board "16"]
[WhiteElo "2072"]
[BlackElo "1512"]
[WhiteClock "00:13:27"]
[BlackClock "00:21:04"]
[PlyCount "93"]
[WhiteFideId "16243536"]
[BlackFideId "16245393"]
[EventCountry "GER"]
[EventRounds "9"]
[EventType "swiss"]
[EventDate "2022.06.04"]

1. e4 {[%clk 1:30:57]} e6 {[%clk 1:30:57]} 2. d4 {[%clk 1:31:21]} d5 {[%clk
1:31:24]} 3. Nd2 {[%clk 1:31:45]} Nf6 {[%clk 1:31:47]} 4. e5 {[%clk 1:32:11]}
Nfd7 {[%clk 1:32:13]} 5. Bd3 {[%clk 1:32:35]} c5 {[%clk 1:32:18]} 6. c3 {[%clk
1:33:02]} Nc6 {[%clk 1:31:31]} 7. Ne2 {[%clk 1:32:32]} cxd4 {[%clk 1:24:44]} 8.
cxd4 {[%clk 1:32:51]} Qb6 {[%clk 1:12:03]} 9. Nf3 {[%clk 1:31:58]} Bb4+ {[%clk
1:08:18]} 10. Bd2 {[%clk 1:30:38]} f6 {[%clk 1:02:31]} 11. exf6 {[%clk
1:28:34]} Nxf6 {[%clk 1:01:56]} 12. O-O {[%clk 1:28:10]} O-O {[%clk 0:59:50]}
13. Rc1 {[%clk 1:22:43]} Bd7 {[%clk 0:57:19]} 14. Bxb4 {[%clk 1:21:26]} Qxb4
{[%clk 0:53:24]} 15. Qd2 {[%clk 1:17:42]} Qxd2 {[%clk 0:44:24]} 16. Nxd2 {[%clk
1:18:10]} e5 {[%clk 0:43:14]} 17. dxe5 {[%clk 1:17:08]} Nxe5 {[%clk 0:42:31]}
18. Bb1 {[%clk 1:16:21]} Rac8 {[%clk 0:39:32]} 19. Nd4 {[%clk 1:10:44]} Nfg4
{[%clk 0:29:10]} 20. h3 {[%clk 1:06:10]} Nh6 {[%clk 0:19:44]} 21. Rfe1 {[%clk
0:59:30]} Nhf7 {[%clk 0:13:45]} 22. Nf5 {[%clk 0:50:35]} Rxc1 {[%clk 0:11:49]}
23. Ne7+ {[%clk 0:44:55]} Kh8 {[%clk 0:12:14]} 24. Rxc1 {[%clk 0:45:22]} Bc6
{[%clk 0:08:30]} 25. Re1 {[%clk 0:41:24]} Bb5 {[%clk 0:06:10]} 26. f4 {[%clk
0:30:18]} Nc4 {[%clk 0:02:31]} 27. Bd3 {[%clk 0:28:10]} Nfd6 {[%clk 0:02:09]}
28. Nf3 {[%clk 0:26:10]} Rxf4 {[%clk 0:00:46]} 29. Nxd5 {[%clk 0:25:36]} Rf8
{[%clk 0:01:08]} 30. Nd4 {[%clk 0:23:12]} Bd7 {[%clk 0:00:32]} 31. b3 {[%clk
0:20:52]} Na5 {[%clk 0:00:31]} 32. Re7 {[%clk 0:20:12]} Bc6 {[%clk 0:00:45]}
33. Nb4 {[%clk 0:15:58]} Be8 {[%clk 0:00:32]} 34. Nd5 {[%clk 0:10:38]} Nc6
{[%clk 0:00:32]} 35. Nxc6 {[%clk 0:09:39]} Bxc6 {[%clk 0:00:59]} 36. Nb4 {[%clk
0:08:49]} Be8 {[%clk 0:00:50]} 37. Bc4 {[%clk 0:04:16]} h6 {[%clk 0:00:39]} 38.
Bd5 {[%clk 0:03:33]} a5 {[%clk 0:00:38]} 39. Nd3 {[%clk 0:03:38]} b5 {[%clk
0:00:31]} 40. Ra7 {[%clk 0:00:34]} a4 {[%clk 0:00:41]} 41. bxa4 {[%clk
0:26:53]} bxa4 {[%clk 0:29:20]} 42. Ra8 {[%clk 0:26:34]} Nb5 {[%clk 0:22:49]}
43. Bc6 {[%clk 0:24:29]} Nc3 {[%clk 0:21:13]} 44. Bxe8 {[%clk 0:13:54]} Nxa2
{[%clk 0:20:56]} 45. Ne5 {[%clk 0:14:00]} Rg8 {[%clk 0:20:44]} 46. Ng6+ {[%clk
0:13:05]} Kh7 {[%clk 0:21:04]} 47. Ne7 {[%clk 0:13:27]} 1-0